书目信息 |
| 题名: |
沃尔玛零售业真经
|
|
| 作者: | 赵凡禹 编著 | |
| 分册: | ||
| 出版信息: | 北京 北京工业大学出版社 2006.01 |
|
| 页数: | 252页 | |
| 开本: | 24cm | |
| 丛书名: | 世界一流标杆企业丛书 | |
| 单 册: | ||
| 中图分类: | F737.124.2 | |
| 科图分类: | ||
| 主题词: | 零售商业--Ling Shou Shang Ye--经验--美国 | |
| 电子资源: | ||
| ISBN: | 7-5639-1620-2 | |
| 000 | 00720nam 2200229 450 | |
| 001 | 0634311780 | |
| 005 | 20070903101050.20 | |
| 010 | @a7-5639-1620-2@dCNY29.80 | |
| 099 | @aCAL 012006028866 | |
| 100 | @a20060315d2006 kmey0chiy0121 ea | |
| 101 | 0 | @achi |
| 102 | @aCN@b110000 | |
| 200 | 1 | @a沃尔玛零售业真经@AWo Er Ma Ling Shou Ye Zhen Jing@f赵凡禹编著 |
| 210 | @a北京@c北京工业大学出版社@d2006.01 | |
| 215 | @a252页@d24cm | |
| 225 | 2 | @a世界一流标杆企业丛书@AShi Jie Yi Liu Biao Gan Qi Ye Cong Shu |
| 410 | 0 | @12001 @a世界一流标杆企业丛书 |
| 606 | 0 | @a零售商业@ALing Shou Shang Ye@x经验@y美国 |
| 690 | @aF737.124.2@v4 | |
| 701 | 0 | @a赵凡禹@AZhao Fan Yu@4编著 |
| 801 | 0 | @aCN@c20070903 |
| 905 | @dF737.124.2@eZ308 | |
| 沃尔玛零售业真经/赵凡禹编著.-北京:北京工业大学出版社,2006.01 |
| 252页;24cm.-(世界一流标杆企业丛书) |
| ISBN 7-5639-1620-2:CNY29.80 |
| ● |
| 相关链接 |
|
|
|
正题名:沃尔玛零售业真经
索取号:F737.124.2/Z308
 
预约/预借
| 序号 | 登录号 | 条形码 | 馆藏地/架位号 | 状态 | 备注 |
| 1 | 604676 | 206046768 | 社科二线422/409社科库 47排6列3层/ [索取号:F737.124.2/Z308] | 在馆 | |
| 2 | 604677 | 206046777 | 社科库409/409社科库 47排6列3层/ [索取号:F737.124.2/Z308] | 在馆 | |
| 3 | 604678 | 206046786 | 社科库409/409社科库 47排6列3层/ [索取号:F737.124.2/Z308] | 在馆 | |
| 4 | 641813 | 206418134 | 社科库409/409社科库 47排6列2层/ [索取号:F737.124.2/Z308] | 在馆 | |
| 5 | 641814 | 206418143 | 社科库409/409社科库 47排6列2层/ [索取号:F737.124.2/Z308] | 在馆 | |
| 6 | 641815 | 206418152 | 社科二线422/409社科库 47排6列2层/ [索取号:F737.124.2/Z308] | 在馆 |